000 00377nam a2200145Ia 4500
008 230718s9999 xx 000 0 und d
041 _aeng
082 _a005.2'762
_bHOL
100 _aHolmes J.
245 _a Struts
_bThe Complete Reference
260 _bTata Mc-graw Hill Pub.
365 _cRs.
_b475.00
700 _aHolmes J.
906 _dB:106070161713-Mar-2007
_cIT
_b95
999 _c316248
_d316248